Manažer Čtvrtletník pro manažery
Príloha časopisu venovaná téme Internet a Intranet v práci manažéra. Obsah pojmov Intranet a Internet. Počítačová sieť ako moderný prostriedok komunikácie. Služby počítačovej siete ako nástroj podnikania a obchodovania. World Wide Web (WWW) ako nový nástroj marketingu. Používatelia počítačovej siete...
Na minha lista:
| Formato: | Capítulo de Livro |
|---|---|
| Idioma: | tcheco |
| Assuntos: | |
| Tags: |
Sem tags, seja o primeiro a adicionar uma tag!
|
MARC
| LEADER | 00000naa a2200000 4500 | ||
|---|---|---|---|
| 001 | r026304 | ||
| 005 | 20240208072840.1 | ||
| 041 | 0 | |a cze | |
| 044 | |a CZ | ||
| 245 | 1 | 0 | |a Manažer |b Čtvrtletník pro manažery |
| 520 | |a Príloha časopisu venovaná téme Internet a Intranet v práci manažéra. Obsah pojmov Intranet a Internet. Počítačová sieť ako moderný prostriedok komunikácie. Služby počítačovej siete ako nástroj podnikania a obchodovania. World Wide Web (WWW) ako nový nástroj marketingu. Používatelia počítačovej siete. | ||
| 610 | 2 | 0 | |a internet |
| 610 | 2 | 0 | |a Intranet |
| 610 | 2 | 0 | |a siete počítačové |
| 610 | 2 | 0 | |a komunikácia |
| 610 | 2 | 0 | |a marketing |
| 610 | 2 | 0 | |a nástroje marketingové |